2026 NFL Drafted Players By College - Statistics

General Stats
  • This quiz has been taken 69 times
  • The average score is 40 of 74
Answer Stats
Number of
Players Drafted
School Conference % Correct
11 Ohio State Big 10
98%
10 Alabama SEC
97%
6 Texas SEC
90%
8 Georgia SEC
88%
8 Indiana Big 10
88%
9 Texas Tech Big 12
86%
7 Florida SEC
85%
9 Miami ACC
81%
7 LSU SEC
80%
6 Michigan Big 10
80%
6 Notre Dame Independent
78%
9 Clemson ACC
76%
10 Texas A&M SEC
76%
7 Oklahoma SEC
73%
7 Oregon Big 10
73%
1 Florida State ACC
69%
7 Iowa Big 10
69%
5 Tennessee SEC
69%
7 Washington Big 10
69%
4 Arizona Big 12
68%
3 USC Big 10
68%
5 Auburn SEC
66%
8 Penn State Big 10
66%
4 Kentucky SEC
64%
6 Missouri SEC
64%
2 Ole Miss SEC
64%
4 Arizona St Big 12
61%
3 Duke ACC
61%
3 Illinois Big 10
61%
2 Michigan State Big 10
61%
1 Vanderbilt SEC
61%
1 Nebraska Big 10
59%
2 Navy Independent
58%
3 South Carolina SEC
58%
4 Arkansas SEC
56%
2 Kansas Big 12
56%
3 Utah Big 12
56%
1 Iowa State Big 12
54%
4 Boston College ACC
53%
2 Georgia Tech ACC
53%
2 Kansas State Big 12
51%
1 Louisville ACC
49%
2 NC State ACC
49%
1 Rutgers Big 10
49%
2 Baylor Big 12
46%
1 Boise State Mountain West
46%
1 Houston Big 12
46%
1 Maryland Big 10
46%
3 TCU Big 12
46%
2 BYU Big 12
44%
1 Minnesota Big 10
44%
2 Stanford ACC
42%
2 Mississippi State SEC
41%
2 Toledo MAC
41%
1 Central Florida Big 12
39%
1 SMU ACC
39%
4 Cincinnati Big 12
37%
1 Pittsburgh ACC
37%
1 San Diego State Mountain West
37%
1 New Mexico Mountain West
36%
2 Wake Forest ACC
36%
1 California ACC
34%
1 Memphis American
31%
2 Northwestern Big 10
31%
1 Buffalo MAC
29%
1 Connecticut ACC
29%
1 Georgia State Sun Belt
29%
1 Louisiana Sun Belt
29%
2 North Dakota State Missouri Valley
27%
1 East Carolina American
20%
1 Miami (OH) MAC
17%
1 Middle Tennessee Conference USA
8%
1 Southeastern Louisiana Southland
5%
1 Stephen F. Austin Southland
5%
No matching quizzes found
Score Distribution
Percent of People with Each Score
Percentile by Number Answered
Your Score History
You have not taken this quiz